000 00960nmm a2200289 a 4500
001 ocm0002015675
003 TR-IsHL
005 20201028180321.0
008 181207s2014 tu tur
007 cr cn
020 _a9786055675967
035 _a2015675
_b(N$T)
050 0 4 _aPL248.D561
_bF85 2014
090 0 4 _aPL248.D561
_bF85 2014
100 1 _aDinç, Ece İrem
245 1 0 _aFülfül büyüsü: Zapta geçmemiş bir büyücünün romanı
_h[electronic resource] /
_cEce İrem Dinç ; editör Gökçe Gündoğdu
250 _a1. Baskı
260 _aİstanbul :
_bMaya Kitap,
_c2014
300 _a239 p.
650 4 _aDil ve Edebiyat
650 4 _aLanguage and Literature
650 0 _aTürk romanı
650 0 _aTurkish fiction
650 7 _aLITERARY COLLECTIONS / Middle Eastern
_2bisacsh
700 1 _aGündoğdu, Gökçe
856 4 0 _uhttp://search.ebscohost.com/login.aspx?direct=true&scope=site&db=e011xww&AN=2015675
999 _c19084
_d19084